Political handbook and atlas of the world 1993

Salvato in:
Dettagli Bibliografici
Natura: Libro
Lingua:Undetermined
Pubblicazione: New York CSA 1993
Soggetti:
Tags: Aggiungi Tag
Nessun Tag, puoi essere il primo ad aggiungerne! !
Thư viện lưu trữ: Trung tâm Học liệu Trường Đại học Cần Thơ
LEADER 00444nam a2200157Ia 4500
001 CTU_29295
008 210402s9999 xx 000 0 und d
082 |a 909.829 
082 |b B218 
245 0 |a Political handbook and atlas of the world 1993 
260 |a New York 
260 |b CSA 
260 |c 1993 
650 |a world history,world maps,world politics 
904 |i Minh, 990317 
980 |a Trung tâm Học liệu Trường Đại học Cần Thơ